Direct marketing ve výstavní komunikaci
Riaditeľ firmy SCHOBER DIRECT MARKETING (SDM) PhDr. Petr Váňa o skúsenostiach s využívaním mailových služieb pri výstavách a veľtrhoch. Praktická realizácia DM zásielok.
Na minha lista:
| Autor principal: | |
|---|---|
| Outros Autores: | |
| Formato: | Capítulo de Livro |
| Idioma: | tcheco |
| Assuntos: | |
| Tags: |
Sem tags, seja o primeiro a adicionar uma tag!
|
MARC
| LEADER | 00000naa a2200000 4500 | ||
|---|---|---|---|
| 001 | r021878 | ||
| 005 | 20230607095716.2 | ||
| 041 | 0 | |a cze | |
| 044 | |a CZ | ||
| 245 | 1 | 0 | |a Direct marketing ve výstavní komunikaci |c P. Váňa, D. Pavlů |
| 520 | |a Riaditeľ firmy SCHOBER DIRECT MARKETING (SDM) PhDr. Petr Váňa o skúsenostiach s využívaním mailových služieb pri výstavách a veľtrhoch. Praktická realizácia DM zásielok. | ||
| 610 | 2 | 0 | |a Česko |
| 610 | 2 | 0 | |a marketing |
| 610 | 2 | 0 | |a výstavy |
| 610 | 2 | 0 | |a komunikácia |
| 610 | 2 | 0 | |a SCHOBER DIRECT MARKETING |
| 610 | 2 | 0 | |a direct mailing |
| 100 | 1 | |a Váňa, P. | |
| 700 | 1 | |a Pavlů, D. | |